000 00689nam a2200241 a 4500
999 _c8924
_d8924
003 PK-NaQUE
005 20250918094004.0
008 250918b ||||| |||| 00| 0 eng d
020 _a8174090436 (Paperback)
020 _a9788174090430 (Paperback)
040 _cQUEST
082 _a621.31RAO
100 1 _aRao, S.
245 1 0 _aEHVv-AC, HVDC Transmission Engineering and Practice
250 _a2nd ed.
260 _aIndia
_bKhanna Publishers,
_c1996.
300 _aXXIV,1176 p.
650 _aElectric Networks
650 _aElectric Power
650 _aElectric Power Transmission
856 4 0 _uhttp://10.10.170.122:8080/browse/book/28192
_yDownload eBook
942 _cBK
_2ddc